Fundamentals of Biomedical Research (Record no. 28158)

MARC details
000 -LEADER
fixed length control field 00474nam a22001817a 4500
003 - CONTROL NUMBER IDENTIFIER
control field OSt
005 - DATE AND TIME OF LATEST TRANSACTION
control field 20250212152244.0
008 - FIXED-LENGTH DATA ELEMENTS--GENERAL INFORMATION
fixed length control field 250128b |||||||| |||| 00| 0 eng d
020 ## - INTERNATIONAL STANDARD BOOK NUMBER
International Standard Book Number 9789387085862
082 ## - DEWEY DECIMAL CLASSIFICATION NUMBER
Classification number 610.720
Item number D53F
100 ## - MAIN ENTRY--PERSONAL NAME
Personal name Dhikav, Vikas
245 ## - TITLE STATEMENT
Title Fundamentals of Biomedical Research
Statement of responsibility, etc by Vikas Dhikav
250 ## - EDITION STATEMENT
Edition statement 1st ed.
260 ## - PUBLICATION, DISTRIBUTION, ETC. (IMPRINT)
Place of publication, distribution, etc New Delhi
Name of publisher, distributor, etc CBS Publishers
Date of publication, distribution, etc 2018
300 ## - PHYSICAL DESCRIPTION
Extent 222p.
Other physical details PB
500 ## - GENERAL NOTE
General note Biomedical Research
942 ## - ADDED ENTRY ELEMENTS (KOHA)
Source of classification or shelving scheme Dewey Decimal Classification
Koha item type Books
Holdings
Withdrawn status Lost status Source of classification or shelving scheme Damaged status Not for loan Collection code Home library Current library Date acquired Source of acquisition Total Checkouts Full call number Barcode Date last seen Price effective from Koha item type Date checked out
    Dewey Decimal Classification   Not For Loan Reserve Text Book Central University Of Rajasthan Central University Of Rajasthan 28/01/2025 BME   610.720 D53F 046278 28/01/2025 28/01/2025 Books  
    Dewey Decimal Classification     General Text Book Central University Of Rajasthan Central University Of Rajasthan 28/01/2025 BME   610.720 D53F 046274 28/01/2025 28/01/2025 Books  
    Dewey Decimal Classification     General Text Book Central University Of Rajasthan Central University Of Rajasthan 28/01/2025 BME   610.720 D53F 046275 28/01/2025 28/01/2025 Books  
    Dewey Decimal Classification     General Text Book Central University Of Rajasthan Central University Of Rajasthan 28/01/2025 BME   610.720 D53F 046276 28/01/2025 28/01/2025 Books  
    Dewey Decimal Classification     General Text Book Central University Of Rajasthan Central University Of Rajasthan 28/01/2025 BME   610.720 D53F 046277 28/01/2025 28/01/2025 Books  
    Dewey Decimal Classification     General Text Book Central University Of Rajasthan Central University Of Rajasthan 28/01/2025 BME 4 610.720 D53F 046279 26/05/2025 28/01/2025 Books 09/05/2025
    Dewey Decimal Classification     General Text Book Central University Of Rajasthan Central University Of Rajasthan 12/02/2025 BME 2 610.720 D53F 046485 28/03/2025 12/02/2025 Books 18/03/2025